| 000 | 00735nam a2200157 a 4500 | ||
|---|---|---|---|
| 008 | 220301s2019 ||||||||||||||||| || u | ||
| 050 | _a CBU-PG THESIS/MVU | ||
| 100 | _aMvula, Simon | ||
| 245 | 1 | 0 |
_aInvestigating the influence of Corporate Social Responsibility on Employee Commitment and Employee Job engagement in the Energy Sector in Zambia _cBy Simon Mvula |
| 260 |
_aKitwe _bCopperbelt University _c2019 |
||
| 300 | _axi, 98 Pages : illustrations | ||
| 650 | _aEMPLOYEE JOB ENGAGEMENT - ENERGY SECTOR | ||
| 650 | _aENERGY SECTOR IN ZAMBA | ||
| 650 | _aCORPORATE SOCIAL RESPONSIBILITY | ||
| 995 |
_FCBU-MAIN LIBRARY (Kitwe) _M1 _UAVAILABLE _WJun 28, 2022 _ZUniversity Collection |
||
| 999 |
_c48181 _d48181 |
||